| 000 | 00335 a2200133 4500 | ||
|---|---|---|---|
| 005 | 20250621074703.0 | ||
| 020 | _a0-19-655067-X | ||
| 082 | _aLM 320.531 NYE | ||
| 100 | _aNYERERE, J. K. | ||
| 245 | _aUjamaa: Essays on Socialism. | ||
| 260 |
_aNairobi, _bOxford University Press, _c1968. |
||
| 300 |
_aviii, 186p.: _c18cm |
||
| 942 |
_2ddc _cBKS |
||
| 999 |
_c335 _d335 |
||